000 00354nam a2200145Ia 4500
008 221030s9999 xx 000 0 und d
041 _aEnglish
082 _a105.23
_bBas
100 _aS. K. Basandra
245 0 _aComputers Today
_cby S. K. Basandra
260 _bGalgotia Pub
_aNew Delhi
_c2001
300 _a1470
650 _aBE Computer
942 _cBK
999 _c7206
_d7206